<?xml version="1.0" encoding="UTF-8"?>
<record
    xmlns:xsi="http://www.w3.org/2001/XMLSchema-instance"
    xsi:schemaLocation="http://www.loc.gov/MARC21/slim http://www.loc.gov/standards/marcxml/schema/MARC21slim.xsd"
    xmlns="http://www.loc.gov/MARC21/slim">

  <leader>00633cam a22002171  4500</leader>
  <controlfield tag="001">he 68001705 </controlfield>
  <controlfield tag="003">DLC</controlfield>
  <controlfield tag="005">20260227111459.0</controlfield>
  <controlfield tag="008">880816s1966    is            000 0 hebr </controlfield>
  <datafield tag="010" ind1=" " ind2=" ">
    <subfield code="a">he 68001705 </subfield>
  </datafield>
  <datafield tag="035" ind1=" " ind2=" ">
    <subfield code="a">(OCoLC)18362394</subfield>
  </datafield>
  <datafield tag="040" ind1=" " ind2=" ">
    <subfield code="a">DLC</subfield>
    <subfield code="c">CU</subfield>
    <subfield code="d">CU</subfield>
    <subfield code="d">DLC</subfield>
  </datafield>
  <datafield tag="042" ind1=" " ind2=" ">
    <subfield code="a">premarc</subfield>
  </datafield>
  <datafield tag="050" ind1="0" ind2="0">
    <subfield code="a">BM506.S73</subfield>
    <subfield code="b">K6</subfield>
  </datafield>
  <datafield tag="100" ind1="2" ind2=" ">
    <subfield code="a">Kossowsky-Shachor, Shaul,</subfield>
    <subfield code="d">1933-</subfield>
  </datafield>
  <datafield tag="245" ind1="1" ind2="0">
    <subfield code="a">Sefer Devar Sha&#x2BC;ul:</subfield>
    <subfield code="b">So&#x1E6D;ah,</subfield>
    <subfield code="c">me-iti Sha&#x2BC;ul &#x1E32;osovs&#x1E33;i-Sha&#x1E25;or.</subfield>
  </datafield>
  <datafield tag="260" ind1=" " ind2=" ">
    <subfield code="a">Bene Bera&#x1E33;,</subfield>
    <subfield code="c">727 [1966 or 7]</subfield>
  </datafield>
  <datafield tag="300" ind1=" " ind2=" ">
    <subfield code="a">16 p., 127 l.</subfield>
    <subfield code="c">35 cm.</subfield>
  </datafield>
  <datafield tag="630" ind1="0" ind2="0">
    <subfield code="a">Talmud.</subfield>
    <subfield code="p">Sotah</subfield>
    <subfield code="x">Commentaries.</subfield>
  </datafield>
  <datafield tag="740" ind1="0" ind2=" ">
    <subfield code="a">Devar Sha&#x2BC;ul : So&#x1E6D;ah.</subfield>
  </datafield>
  <datafield tag="999" ind1=" " ind2=" ">
    <subfield code="c">33378</subfield>
    <subfield code="d">33378</subfield>
  </datafield>
</record>
